Finska saker - Bildquiz - Statistics

General Stats
  • This quiz has been taken 274 times
    272 since last reset
  • The average score is 11 of 18
Answer Stats
Picture Hint Answer % Correct
Uppfinning, plats Sauna
99%
Figur Julgubbe
98%
Stad Helsingfors
94%
Varelse Mumin
94%
Spel Angry Birds
90%
Bolag Nokia
90%
Fenomen Norrsken
84%
Stad Åbo
75%
Kompositör Jean Sibelius
60%
Idrottare Kimi Räikkönen
59%
Arkitekt Alvar Aalto
54%
Presenter och media personlighet Mark Levengood
50%
Uppfinning Linux
46%
Uppfinning/"Vapen" Molotowcocktail
44%
Idrott Kärringkånk
38%
Sångare, skådespelare Arja Saijonmaa
33%
Evenemang. Världsmästerskap i luftgitarr
25%
Arkitekt Eero Saarinen
13%
No matching quizzes found
Score Distribution
Percent of People with Each Score
Percentile by Number Answered
Your Score History
You have not taken this quiz since the last reset